TOYOTA ANYAGMOZGATÁS MAGYARORSZÁG KFT. VAGYONI, PÉNZÜGYI ÉS JÖVEDELMEZŐSÉGI HELYZETÉNEK ELEMZÉSE

Bibliographic Details
Main Author: Puskás Stefánia
Other Authors: Bán Dr. Erika
Zsiga Ildikó
Format: Thesis
Published: 2018-12-12
Kulcsszavak:Cégelemzés
Toyota
Gazdasági mutatók
Online Access:http://dolgozattar.uni-bge.hu/19628

MARC

LEADER 00000nta a2200000 i 4500
001 dolg19628
005 20181214161056.0
008 181214s2018 hu om 000 hun d
040 |a BGE Dolgozattár Repozitórium  |b hun 
041 |a hu 
100 1 |a Puskás Stefánia 
245 1 0 |a TOYOTA ANYAGMOZGATÁS MAGYARORSZÁG KFT. VAGYONI, PÉNZÜGYI ÉS JÖVEDELMEZŐSÉGI HELYZETÉNEK ELEMZÉSE  |c Puskás Stefánia  |h [elektronikus dokumentum] 
246 1 1 |a TOYOTA ANYAGMOZGATÁS MAGYARORSZÁG KFT. VAGYONI, PÉNZÜGYI ÉS JÖVEDELMEZŐSÉGI HELYZETÉNEK ELEMZÉSE 
260 |c 2018-12-12 
695 |a Cégelemzés 
695 |a Toyota 
695 |a Gazdasági mutatók 
700 1 |a Bán Dr. Erika  |e ths 
700 1 |a Zsiga Ildikó  |e ths 
856 4 0 |u http://dolgozattar.uni-bge.hu/19628/13/SZAKDOLGOZAT%20BGE.pdf  |z Dokumentum-elérés 
856 4 0 |u http://dolgozattar.uni-bge.hu/19628/14/Pusk%C3%A1s%20Stef%C3%A1nia%20TK.pdf  |z Dokumentum-elérés